[Event "AUT-ch Vor3 Internet"]
[Site "Playchess.com INT"]
[Date "2020.04.17"]
[Round "6"]
[White "Doskocil, Klaus"]
[Black "Milanollo, Mario"]
[Result "1-0"]
[WhiteElo "2157"]
[BlackElo "2053"]
[PlyCount "127"]
[EventDate "2020.04.17"]
[EventType "swiss (blitz)"]
[EventRounds "9"]
[EventCountry "AUT"]
[SourceTitle "CBM 195 Extra"]
[Source "ChessBase"]
[SourceDate "2020.05.31"]
[SourceVersion "1"]
[SourceVersionDate "2020.05.31"]
[SourceQuality "1"]

1. e4 c5 2. Nf3 d6 3. d4 cxd4 4. Nxd4 Nf6 5. Nc3 a6 6. Be2 e5 7. Nb3 Be6 8. 0-0 Be7 9. Be3 b5 10. a3 Qc7 11. Qd2 Nbd7 12. Rad1 Rc8 13. Kh1 0-0 14. f4 exf4 15. Bxf4 Ne5 16. Qe3 Bc4 17. Nd4 Bxe2 18. Qxe2 Rfe8 19. Bxe5 dxe5 20. Nf5 Bxa3 21. Nd5 Nxd5 22. exd5 Bf8 23. d6 Qxc2 24. Qg4 Re6 25. d7 Rd8 26. Ne3 Qc7 27. Nd5 Qxd7 28. h4 Rd6 29. Nf6+ Rxf6 30. Rxd7 Rxf1+ 31. Kh2 Rxd7 32. Qxd7 Rf6 33. Qe8 Re6 34. Qc8 e4 35. Kg1 e3 36. Kf1 g6 37. Ke2 h5 38. b3 Kg7 39. Qd7 Kf6 40. Qd4+ Ke7 41. Qc5+ Ke8 42. Qc8+ Ke7 43. g3 Bg7 44. Qc7+ Kf6 45. Qd8+ Kf5 46. Qg8 Kf6 47. Qd8+ Re7 48. Qd4+ Re5 49. Qc3 Kf5 50. Qc8+ Ke4 51. Qc6+ Rd5 52. Qxa6 Rd2+ 53. Ke1 Bc3 54. Qb7+ Kd3 55. Qd5+ Kc2 56. Qe4+ Rd3+ 57. Ke2 Kxb3 58. Qxd3 b4 59. Kxe3 Kb2 60. Qc4 Kc2 61. Qa2+ Kc1 62. Qb3 f6 63. Kd3 g5 64. Qc2# 1-0

[Event "AUT-ch Vor3 Internet"]
[Site "Playchess.com INT"]
[Date "2020.04.17"]
[Round "2"]
[White "Frank, Emanuel"]
[Black "Milanollo, Mario"]
[Result "1-0"]
[WhiteElo "2271"]
[BlackElo "2053"]
[PlyCount "159"]
[EventDate "2020.04.17"]
[EventType "swiss (blitz)"]
[EventRounds "9"]
[EventCountry "AUT"]
[SourceTitle "CBM 195 Extra"]
[Source "ChessBase"]
[SourceDate "2020.05.31"]
[SourceVersion "1"]
[SourceVersionDate "2020.05.31"]
[SourceQuality "1"]

1. d4 d5 2. c4 c6 3. cxd5 cxd5 4. Bf4 Nf6 5. e3 Nc6 6. Bd3 Bg4 7. Ne2 e6 8. Nbc3 Bd6 9. f3 Bh5 10. 0-0 0-0 11. Rc1 Rc8 12. Na4 Bg6 13. Nc5 Bxf4 14. Nxf4 b6 15. Nxg6 hxg6 16. Na4 Qd6 17. Ba6 Rc7 18. a3 Nb8 19. Bd3 Rfc8 20. Qd2 Rxc1 21. Rxc1 Rxc1+ 22. Qxc1 Qd7 23. Nc3 Qc7 24. Qc2 Ne8 25. Na2 Qxc2 26. Bxc2 Nc6 27. Ba4 Nxd4 28. exd4 Nd6 29. Nc3 Nf5 30. Ne2 Kf8 31. Kf2 Ke7 32. g4 Nd6 33. Bb3 a5 34. Ke3 g5 35. Nc3 b5 36. a4 bxa4 37. Nxa4 g6 38. Nc5 f5 39. h3 Kf6 40. Nd7+ Ke7 41. Ne5 Kf6 42. Kd3 Nb5 43. Nc6 Nc7 44. Nxa5 Na6 45. Nc6 fxg4 46. hxg4 Kf7 47. Bc2 Ke8 48. b4 Kd7 49. b5 Nc7 50. Ba4 Kd6 51. Ne5 Na8 52. Nf7+ Ke7 53. Nxg5 Nb6 54. Bb3 Kf6 55. Nh3 g5 56. f4 gxf4 57. Nxf4 Nd7 58. g5+ Kxg5 59. Nxe6+ Kf6 60. Bxd5 Nb6 61. Bb3 Ke7 62. Nc7 Kd6 63. Na6 Nc8 64. Nc5 Nb6 65. Ke4 Nc8 66. Nd3 Kc7 67. Ke5 Kb6 68. Bc4 Kc7 69. Nb4 Nd6 70. Nd5+ Kd7 71. Bb3 Nf7+ 72. Kf6 Nd6 73. b6 Kc6 74. Ke6 Nc8 75. Ba4+ Kb7 76. Bb5 Nxb6 77. Nxb6 Kxb6 78. d5 Kxb5 79. d6 Kc4 80. d7 1-0

[Event "AUT-ch Vor3 Internet"]
[Site "Playchess.com INT"]
[Date "2020.04.17"]
[Round "7"]
[White "Milanollo, Mario"]
[Black "Fuchs, Georg"]
[Result "0-1"]
[WhiteElo "2053"]
[BlackElo "2211"]
[PlyCount "82"]
[EventDate "2020.04.17"]
[EventType "swiss (blitz)"]
[EventRounds "9"]
[EventCountry "AUT"]
[SourceTitle "CBM 195 Extra"]
[Source "ChessBase"]
[SourceDate "2020.05.31"]
[SourceVersion "1"]
[SourceVersionDate "2020.05.31"]
[SourceQuality "1"]

1. e4 e5 2. Nf3 Nc6 3. Bc4 Nf6 4. d4 exd4 5. 0-0 d5 6. e5 dxc4 7. exf6 Be6 8. Re1 Qd7 9. Bg5 h6 10. fxg7 Bxg7 11. Bh4 0-0 12. Nbd2 Bd5 13. Ne4 Qf5 14. Ng3 Qg4 15. h3 Bxf3 16. hxg4 Bxd1 17. Raxd1 Rae8 18. Nf5 Kh7 19. Kf1 Kg6 20. f4 Rh8 21. Kf2 Rxe1 22. Rxe1 h5 23. Kf3 hxg4+ 24. Kxg4 Bf6 25. Re4 Bxh4 26. Nxh4+ Kf6 27. g3 Rd8 28. Nf3 d3 29. cxd3 cxd3 30. Nd2 Nd4 31. Re5 Rg8+ 32. Kh3 Ne2 33. Ne4+ Kg7 34. Rg5+ Kf8 35. Rd5 Rxg3+ 36. Nxg3 Nxf4+ 37. Kg4 Nxd5 38. Kf3 c5 39. Ne4 c4 40. a4 Nb6 41. a5 Na4 0-1

[Event "AUT-ch Vor3 Internet"]
[Site "Playchess.com INT"]
[Date "2020.04.17"]
[Round "4"]
[White "Milanollo, Mario"]
[Black "Riemelmoser, Stefan"]
[Result "0-1"]
[WhiteElo "2053"]
[BlackElo "2046"]
[PlyCount "146"]
[EventDate "2020.04.17"]
[EventType "swiss (blitz)"]
[EventRounds "9"]
[EventCountry "AUT"]
[SourceTitle "CBM 195 Extra"]
[Source "ChessBase"]
[SourceDate "2020.05.31"]
[SourceVersion "1"]
[SourceVersionDate "2020.05.31"]
[SourceQuality "1"]

1. e4 e6 2. Nf3 d5 3. Nc3 Nf6 4. e5 Nfd7 5. d4 c5 6. Be2 Nc6 7. Bf4 b6 8. 0-0 Bb7 9. Re1 Qc7 10. Nb5 Qb8 11. c4 a6 12. cxd5 axb5 13. dxc6 Bxc6 14. Qc1 Be7 15. b3 0-0 16. Qc2 h6 17. Rad1 Qb7 18. Bg3 Ra7 19. Rd2 Rfa8 20. Qb1 Nf8 21. Red1 Ng6 22. h4 Be4 23. Bd3 Bxf3 24. gxf3 Nxh4 25. Be4 Nxf3+ 26. Kg2 Nxd2 27. Rxd2 Qb8 28. Bxa8 Qxa8+ 29. Kh2 cxd4 30. Rxd4 Rxa2 31. Rd7 Bc5 32. Qd3 Qc6 33. Rd8+ Bf8 34. Qd6 Qxd6 35. exd6 Rd2 36. Rb8 f6 37. Rxb6 Kf7 38. Rb7+ Kg6 39. d7 e5 40. Kg2 Kf5 41. Bh2 Ke6 42. Rxb5 Rxd7 43. Kf3 Bd6 44. Bg3 Rc7 45. Ke2 Kd7 46. Kd3 Kc6 47. Rb8 Rb7 48. Rc8+ Kd7 49. Rg8 Ke6 50. Kc2 Kf5 51. f3 h5 52. Rh8 g6 53. Rg8 g5 54. Rh8 h4 55. Be1 Kf4 56. Rh6 Kf5 57. Bd2 Bc5 58. Rh8 Rc7 59. Kd3 Rb7 60. Kc4 Bf2 61. b4 e4 62. fxe4+ Kxe4 63. Re8+ Kf5 64. Bc3 Rb6 65. Rh8 Bg3 66. Kc5 Bf2+ 67. Kc4 g4 68. Rh5+ Kg6 69. Rh8 h3 70. Bd2 g3 71. Rxh3 g2 72. Rh6+ Kg7 73. Rh2 g1Q 0-1

[Event "AUT-ch Vor3 Internet"]
[Site "Playchess.com INT"]
[Date "2020.04.17"]
[Round "8"]
[White "Thummer, Philipp"]
[Black "Milanollo, Mario"]
[Result "0-1"]
[WhiteElo "1207"]
[BlackElo "2053"]
[PlyCount "104"]
[EventDate "2020.04.17"]
[EventType "swiss (blitz)"]
[EventRounds "9"]
[EventCountry "AUT"]
[SourceTitle "CBM 195 Extra"]
[Source "ChessBase"]
[SourceDate "2020.05.31"]
[SourceVersion "1"]
[SourceVersionDate "2020.05.31"]
[SourceQuality "1"]

1. e4 c5 2. g3 g6 3. Bg2 Bg7 4. Ne2 Nc6 5. c3 e5 6. d3 Nge7 7. f4 d5 8. h3 0-0 9. 0-0 f5 10. exd5 Nxd5 11. Kh2 Be6 12. Bxd5 Bxd5 13. Nd2 Re8 14. c4 Bf7 15. Nb3 b6 16. Nc3 Qd7 17. Qc2 Rad8 18. Rf3 Nb4 19. Qd2 Qc6 20. Re3 Bxc4 21. fxe5 Bh6 22. Qe2 Rxd3 23. Rxd3 Bxd3 24. Qd1 Bc2 25. Qd6 Bg7 26. Qxc6 Nxc6 27. Bf4 Bxe5 28. Bxe5 Rxe5 29. Nd2 Nd4 30. Kg2 Bd3 31. Rd1 Ba6 32. b3 Kf7 33. Nf3 Bb7 34. Rd3 Bxf3+ 35. Rxf3 Nxf3 36. Kf2 Nd4 37. h4 Ke6 38. Kf1 h6 39. Kf2 g5 40. h5 a6 41. Na4 Re2+ 42. Kf1 Rxa2 43. Nxb6 Nxb3 44. Nc4 Kd5 45. Ne3+ Ke4 46. Nc4 Nd2+ 47. Nxd2+ Rxd2 48. g4 Ke3 49. gxf5 c4 50. Ke1 c3 51. f6 c2 52. f7 c1Q# 0-1

[Event "AUT-ch Vor2 Internet"]
[Site "Playchess.com INT"]
[Date "2020.04.13"]
[Round "8"]
[White "Kucharski, Michael"]
[Black "Milanollo, Mario"]
[Result "1/2-1/2"]
[WhiteElo "1927"]
[BlackElo "2053"]
[PlyCount "60"]
[EventDate "2020.04.13"]
[EventType "swiss (blitz)"]
[EventRounds "9"]
[EventCountry "AUT"]
[SourceTitle "CBM 195 Extra"]
[Source "ChessBase"]
[SourceDate "2020.05.31"]
[SourceVersion "1"]
[SourceVersionDate "2020.05.31"]
[SourceQuality "1"]

1. d4 d5 2. Nf3 Nf6 3. e3 c6 4. c4 e6 5. Nc3 Nbd7 6. Bd2 Bd6 7. Bd3 dxc4 8. Bxc4 b5 9. Be2 Bb7 10. e4 Be7 11. Bd3 b4 12. Ne2 c5 13. e5 Nd5 14. dxc5 Rc8 15. Rc1 Nxc5 16. Bb5+ Bc6 17. Bxc6+ Rxc6 18. 0-0 Rc8 19. a3 bxa3 20. bxa3 0-0 21. Nf4 Nxf4 22. Bxf4 Qxd1 23. Rfxd1 Rfd8 24. Be3 h6 25. h3 Nb3 26. Rxd8+ Rxd8 27. Rc7 Bxa3 28. Rxa7 Bc5 29. Bxc5 Nxc5 30. Ra2 Rd7 1/2-1/2

[Event "AUT-ch Vor2 Internet"]
[Site "Playchess.com INT"]
[Date "2020.04.13"]
[Round "9"]
[White "Milanollo, Mario"]
[Black "Strodl, Joachim"]
[Result "1/2-1/2"]
[WhiteElo "2053"]
[BlackElo "2137"]
[PlyCount "99"]
[EventDate "2020.04.13"]
[EventType "swiss (blitz)"]
[EventRounds "9"]
[EventCountry "AUT"]
[SourceTitle "CBM 195 Extra"]
[Source "ChessBase"]
[SourceDate "2020.05.31"]
[SourceVersion "1"]
[SourceVersionDate "2020.05.31"]
[SourceQuality "1"]

1. e4 g6 2. Nf3 Bg7 3. d4 d6 4. Be3 a6 5. Qd2 h6 6. h3 b5 7. a3 Bb7 8. Bd3 Nd7 9. 0-0 c5 10. d5 Ngf6 11. Nc3 Kf8 12. Nh2 Ne5 13. f4 Nxd3 14. cxd3 Rc8 15. Ne2 c4 16. Nd4 Kg8 17. Rac1 Kh7 18. Ng4 Nxg4 19. hxg4 cxd3 20. Qxd3 Qd7 21. f5 g5 22. b3 Bxd4 23. Bxd4 f6 24. Be3 Kg7 25. Qd4 Ba8 26. Qb6 Qb7 27. Kf2 Qxb6 28. Bxb6 Kf7 29. Ke2 Bb7 30. Kd2 Rxc1 31. Rxc1 Rc8 32. Rxc8 Bxc8 33. Kc3 Ke8 34. Kb4 Kd7 35. Ka5 Bb7 36. a4 bxa4 37. Kxa4 Kc8 38. Ka5 Kd7 39. Bd4 Kc7 40. b4 Bc8 41. Bb6+ Kd7 42. Ba7 Kc7 43. Be3 Bb7 44. Bb6+ Kd7 45. Bd4 Kc7 46. Be3 Bc8 47. Bd4 Bb7 48. Bb6+ Kd7 49. Be3 Kc7 50. Bb6+ 1/2-1/2